[Event "ODJM B 2023"]
[Site "Willingen GER"]
[Date "2023.06.01"]
[Round "7"]
[White "Claussen, Alexander"]
[Black "Loßin, Charlotte"]
[Result "0-1"]
[Termination "normal"]
[Board "28"]
[WhiteElo "1430"]
[BlackElo "1518"]
[WhiteClock "00:30:37"]
[BlackClock "01:00:45"]
[PlyCount "38"]
[WhiteFideId "16248910"]
[BlackFideId "16218345"]
[EventCountry "GER"]
[EventRounds "9"]
[EventType "swiss"]
[EventDate "2023.05.27"]

1. b3 {[%clk 01:30:57]} {[%emt 00:00:03]} d5 {[%clk 01:30:50]} {[%emt
00:00:10]} 2. e3 {[%clk 01:31:23]} {[%emt 00:00:04]} e5 {[%clk 01:31:16]}
{[%emt 00:00:05]} 3. Bb2 {[%clk 01:31:48]} {[%emt 00:00:04]} Bd6 {[%clk
01:31:38]} {[%emt 00:00:08]} 4. f4 {[%clk 01:32:06]} {[%emt 00:00:12]} exf4
{[%clk 01:31:08]} {[%emt 00:01:00]} 5. Bxg7 {[%clk 01:32:13]} {[%emt 00:00:23]}
Qh4+ {[%clk 01:31:30]} {[%emt 00:00:08]} 6. g3 {[%clk 01:32:38]} {[%emt
00:00:05]} fxg3 {[%clk 01:31:50]} {[%emt 00:00:10]} 7. Bg2 {[%clk 01:33:00]}
{[%emt 00:00:08]} gxh2+ {[%clk 01:32:11]} {[%emt 00:00:10]} 8. Kf1 {[%clk
01:33:23]} {[%emt 00:00:06]} Bg4 {[%clk 01:30:09]} {[%emt 00:02:33]} 9. Nf3
{[%clk 01:27:14]} {[%emt 00:06:38]} Qh5 {[%clk 01:27:37]} {[%emt 00:03:02]} 10.
Bxh8 {[%clk 01:18:07]} {[%emt 00:09:37]} Ne7 {[%clk 01:27:40]} {[%emt
00:00:27]} 11. Qe2 {[%clk 01:12:23]} {[%emt 00:06:15]} Nf5 {[%clk 01:27:10]}
{[%emt 00:01:00]} 12. Qb5+ {[%clk 01:05:19]} {[%emt 00:07:34]} Nd7 {[%clk
01:13:26]} {[%emt 00:14:14]} 13. Kf2 {[%clk 00:40:07]} {[%emt 00:25:41]} Bg3+
{[%clk 01:10:31]} {[%emt 00:03:24]} 14. Ke2 {[%clk 00:40:14]} {[%emt 00:00:24]}
Nh4 {[%clk 01:09:20]} {[%emt 00:01:41]} 15. Rf1 {[%clk 00:39:32]} {[%emt
00:01:13]} Nxg2 {[%clk 01:09:13]} {[%emt 00:00:35]} 16. Nc3 {[%clk 00:39:00]}
{[%emt 00:01:04]} h1=Q {[%clk 01:05:58]} {[%emt 00:03:45]} 17. Nxd5 {[%clk
00:31:30]} {[%emt 00:07:59]} Bxf3+ {[%clk 01:03:23]} {[%emt 00:03:05]} 18. Kd3
{[%clk 00:31:09]} {[%emt 00:00:51]} Be2+ {[%clk 01:02:44]} {[%emt 00:01:08]}
19. Kc3 {[%clk 00:30:37]} {[%emt 00:01:03]} Bxb5 {[%clk 01:00:45]} {[%emt
00:02:29]} 0-1

[Event "ODJM B 2023"]
[Site "Willingen GER"]
[Date "2023.06.01"]
[Round "7"]
[White "Kutz, Ida Klara"]
[Black "Rose, Simeon"]
[Result "1-0"]
[Termination "normal"]
[Board "29"]
[WhiteElo "1411"]
[BlackElo "1416"]
[WhiteClock "00:39:10"]
[BlackClock "00:28:00"]
[PlyCount "65"]
[WhiteFideId "16296257"]
[BlackFideId "34625062"]
[EventCountry "GER"]
[EventRounds "9"]
[EventType "swiss"]
[EventDate "2023.05.27"]

1. Nf3 {[%clk 01:30:58]} {[%emt 00:00:01]} c5 {[%clk 01:30:36]} {[%emt
00:00:25]} 2. g3 {[%clk 01:30:36]} {[%emt 00:00:51]} b6 {[%clk 01:30:34]}
{[%emt 00:00:32]} 3. Bg2 {[%clk 01:30:37]} {[%emt 00:00:29]} Bb7 {[%clk
01:30:55]} {[%emt 00:00:10]} 4. O-O {[%clk 01:30:37]} {[%emt 00:00:28]} Nf6
{[%clk 01:30:17]} {[%emt 00:01:09]} 5. c4 {[%clk 01:29:13]} {[%emt 00:01:52]}
e6 {[%clk 01:29:05]} {[%emt 00:01:44]} 6. Nc3 {[%clk 01:23:12]} {[%emt
00:06:31]} Be7 {[%clk 01:25:50]} {[%emt 00:03:44]} 7. e3 {[%clk 01:21:08]}
{[%emt 00:02:34]} O-O {[%clk 01:24:44]} {[%emt 00:01:37]} 8. d4 {[%clk
01:19:45]} {[%emt 00:01:53]} d5 {[%clk 01:24:40]} {[%emt 00:00:34]} 9. cxd5
{[%clk 01:15:30]} {[%emt 00:04:46]} Nxd5 {[%clk 01:16:26]} {[%emt 00:08:43]}
10. Re1 {[%clk 01:09:19]} {[%emt 00:06:42]} Nxc3 {[%clk 01:06:34]} {[%emt
00:10:21]} 11. bxc3 {[%clk 01:04:28]} {[%emt 00:05:21]} Nd7 {[%clk 00:56:48]}
{[%emt 00:10:16]} 12. Bb2 {[%clk 00:58:37]} {[%emt 00:06:21]} Nf6 {[%clk
00:54:25]} {[%emt 00:02:53]} 13. Rc1 {[%clk 00:52:09]} {[%emt 00:06:57]} Rb8
{[%clk 00:48:27]} {[%emt 00:06:30]} 14. c4 {[%clk 00:44:05]} {[%emt 00:08:34]}
Qd7 {[%clk 00:40:07]} {[%emt 00:08:49]} 15. Qb3 {[%clk 00:27:06]} {[%emt
00:17:29]} Rfd8 {[%clk 00:35:45]} {[%emt 00:04:51]} 16. Rcd1 {[%clk 00:25:00]}
{[%emt 00:02:37]} Qc7 {[%clk 00:33:27]} {[%emt 00:02:47]} 17. Qc2 {[%clk
00:15:44]} {[%emt 00:09:47]} Be4 {[%clk 00:29:50]} {[%emt 00:04:06]} 18. Qc3
{[%clk 00:15:02]} {[%emt 00:01:14]} Qb7 {[%clk 00:27:01]} {[%emt 00:03:17]} 19.
Nh4 {[%clk 00:14:36]} {[%emt 00:00:57]} g5 {[%clk 00:16:13]} {[%emt 00:11:18]}
20. d5 {[%clk 00:14:26]} {[%emt 00:00:41]} Bxg2 {[%clk 00:06:57]} {[%emt
00:09:46]} 21. Nxg2 {[%clk 00:14:34]} {[%emt 00:00:21]} exd5 {[%clk 00:07:05]}
{[%emt 00:00:22]} 22. Qe5 {[%clk 00:12:30]} {[%emt 00:02:34]} h6 {[%clk
00:06:41]} {[%emt 00:00:53]} 23. Rxd5 {[%clk 00:10:40]} {[%emt 00:02:21]} Rxd5
{[%clk 00:06:26]} {[%emt 00:00:46]} 24. cxd5 {[%clk 00:10:59]} {[%emt
00:00:11]} Rd8 {[%clk 00:06:08]} {[%emt 00:00:47]} 25. Rd1 {[%clk 00:09:59]}
{[%emt 00:01:31]} Rxd5 {[%clk 00:05:41]} {[%emt 00:00:56]} 26. Rxd5 {[%clk
00:08:44]} {[%emt 00:01:45]} Qxd5 {[%clk 00:05:52]} {[%emt 00:00:19]} 27. Qxe7
{[%clk 00:08:35]} {[%emt 00:00:38]} Qd1+ {[%clk 00:04:41]} {[%emt 00:01:41]}
28. Ne1 {[%clk 00:09:00]} {[%emt 00:00:05]} Qxe1+ {[%clk 00:03:10]} {[%emt
00:02:01]} 29. Kg2 {[%clk 00:09:26]} {[%emt 00:00:04]} Nh7 {[%clk 00:01:42]}
{[%emt 00:01:58]} 30. Qd8+ {[%clk 00:08:16]} {[%emt 00:01:40]} Nf8 {[%clk
00:01:50]} {[%emt 00:00:22]} 31. Qf6 {[%clk 00:08:26]} {[%emt 00:00:20]} Qxf2+
{[%clk 00:27:47]} {[%emt 00:04:32]} 32. Kxf2 {[%clk 00:38:47]} {[%emt
00:00:10]} Ne6 {[%clk 00:28:00]} {[%emt 00:00:17]} 33. Qh8# {[%clk 00:39:10]}
{[%emt 00:00:06]} 1-0

[Event "ODJM B 2023"]
[Site "Willingen GER"]
[Date "2023.06.01"]
[Round "7"]
[White "Mohebbi, Sam"]
[Black "Laux, Filip"]
[Result "0-1"]
[Termination "normal"]
[Board "30"]
[WhiteElo "1555"]
[BlackElo "1407"]
[WhiteClock "01:09:50"]
[BlackClock "00:21:45"]
[PlyCount "78"]
[WhiteFideId "34607293"]
[BlackFideId "16275730"]
[EventCountry "GER"]
[EventRounds "9"]
[EventType "swiss"]
[EventDate "2023.05.27"]

1. e4 {[%clk 01:30:57]} {[%emt 00:00:03]} c6 {[%clk 01:30:45]} {[%emt
00:00:15]} 2. d4 {[%clk 01:30:56]} {[%emt 00:00:31]} d5 {[%clk 01:30:44]}
{[%emt 00:00:31]} 3. Nd2 {[%clk 01:30:44]} {[%emt 00:00:42]} dxe4 {[%clk
01:30:31]} {[%emt 00:00:44]} 4. Nxe4 {[%clk 01:31:07]} {[%emt 00:00:07]} Bf5
{[%clk 01:30:45]} {[%emt 00:00:15]} 5. Ng3 {[%clk 01:30:45]} {[%emt 00:00:53]}
Bg6 {[%clk 01:30:45]} {[%emt 00:00:29]} 6. Nf3 {[%clk 01:30:11]} {[%emt
00:01:05]} Nd7 {[%clk 01:30:46]} {[%emt 00:00:28]} 7. h4 {[%clk 01:30:06]}
{[%emt 00:00:35]} h6 {[%clk 01:30:35]} {[%emt 00:00:41]} 8. h5 {[%clk
01:29:02]} {[%emt 00:01:34]} Bh7 {[%clk 01:30:40]} {[%emt 00:00:24]} 9. Bd3
{[%clk 01:28:24]} {[%emt 00:01:10]} Bxd3 {[%clk 01:30:55]} {[%emt 00:00:49]}
10. Qxd3 {[%clk 01:27:48]} {[%emt 00:01:31]} e6 {[%clk 01:29:52]} {[%emt
00:01:33]} 11. Bd2 {[%clk 01:25:37]} {[%emt 00:02:42]} Ngf6 {[%clk 01:28:43]}
{[%emt 00:01:39]} 12. O-O-O {[%clk 01:24:42]} {[%emt 00:01:24]} Be7 {[%clk
01:26:58]} {[%emt 00:02:16]} 13. Ne4 {[%clk 01:23:28]} {[%emt 00:01:44]} Nxe4
{[%clk 01:25:14]} {[%emt 00:02:13]} 14. Qxe4 {[%clk 01:22:31]} {[%emt
00:01:28]} Nf6 {[%clk 01:24:02]} {[%emt 00:01:41]} 15. Qe2 {[%clk 01:22:54]}
{[%emt 00:00:08]} O-O {[%clk 01:23:37]} {[%emt 00:00:55]} 16. g4 {[%clk
01:23:13]} {[%emt 00:00:11]} Qd5 {[%clk 01:18:20]} {[%emt 00:05:46]} 17. g5
{[%clk 01:16:15]} {[%emt 00:07:28]} Qxa2 {[%clk 01:06:43]} {[%emt 00:12:08]}
18. c4 {[%clk 01:16:31]} {[%emt 00:00:14]} hxg5 {[%clk 00:55:36]} {[%emt
00:11:36]} 19. Nxg5 {[%clk 01:15:08]} {[%emt 00:01:53]} Qa1+ {[%clk 00:51:07]}
{[%emt 00:04:58]} 20. Kc2 {[%clk 01:14:38]} {[%emt 00:01:02]} Qa4+ {[%clk
00:50:58]} {[%emt 00:00:39]} 21. Kb1 {[%clk 01:14:46]} {[%emt 00:00:22]} b5
{[%clk 00:49:21]} {[%emt 00:02:07]} 22. cxb5 {[%clk 01:13:33]} {[%emt
00:01:43]} Qxb5 {[%clk 00:49:32]} {[%emt 00:00:19]} 23. Qe3 {[%clk 01:13:43]}
{[%emt 00:00:19]} Rab8 {[%clk 00:43:29]} {[%emt 00:06:33]} 24. Bc1 {[%clk
01:10:53]} {[%emt 00:03:20]} Nd5 {[%clk 00:40:33]} {[%emt 00:03:27]} 25. Qg3
{[%clk 01:09:53]} {[%emt 00:01:30]} Bxg5 {[%clk 00:39:47]} {[%emt 00:01:16]}
26. h6 {[%clk 01:10:09]} {[%emt 00:00:14]} g6 {[%clk 00:30:58]} {[%emt
00:09:20]} 27. f4 {[%clk 01:09:56]} {[%emt 00:00:43]} Bxf4 {[%clk 00:30:28]}
{[%emt 00:00:59]} 28. h7+ {[%clk 01:09:41]} {[%emt 00:00:46]} Kh8 {[%clk
00:30:37]} {[%emt 00:00:21]} 29. Qa3 {[%clk 01:07:52]} {[%emt 00:02:20]} Bxc1
{[%clk 00:25:02]} {[%emt 00:06:04]} 30. Rxc1 {[%clk 01:08:03]} {[%emt
00:00:19]} Rfc8 {[%clk 00:21:45]} {[%emt 00:03:47]} 31. Rhf1 {[%clk 01:07:24]}
{[%emt 00:01:09]} Rc7 {[%clk 00:20:25]} {[%emt 00:01:49]} 32. Rc2 {[%clk
01:07:11]} {[%emt 00:00:43]} Qxf1+ {[%clk 00:20:20]} {[%emt 00:00:35]} 33. Ka2
{[%clk 01:07:22]} {[%emt 00:00:20]} Nb4+ {[%clk 00:20:12]} {[%emt 00:00:37]}
34. Qxb4 {[%clk 01:07:46]} {[%emt 00:00:06]} Rxb4 {[%clk 00:20:27]} {[%emt
00:00:16]} 35. Rc3 {[%clk 01:08:14]} {[%emt 00:00:02]} Qe2 {[%clk 00:20:19]}
{[%emt 00:00:37]} 36. Rb3 {[%clk 01:08:38]} {[%emt 00:00:07]} Rxb3 {[%clk
00:20:42]} {[%emt 00:00:07]} 37. Kxb3 {[%clk 01:09:03]} {[%emt 00:00:05]} Rb7+
{[%clk 00:20:58]} {[%emt 00:00:15]} 38. Ka3 {[%clk 01:09:24]} {[%emt 00:00:08]}
Qxb2+ {[%clk 00:21:21]} {[%emt 00:00:06]} 39. Ka4 {[%clk 01:09:50]} {[%emt
00:00:04]} Qb4# {[%clk 00:21:45]} 0-1

[Event "ODJM B 2023"]
[Site "Willingen GER"]
[Date "2023.06.01"]
[Round "7"]
[White "Fock, Madiha"]
[Black "Beberhold, Otto Richard"]
[Result "1-0"]
[Termination "normal"]
[Board "31"]
[WhiteElo "1493"]
[BlackElo "1427"]
[WhiteClock "00:20:12"]
[BlackClock "00:16:06"]
[PlyCount "63"]
[WhiteFideId "16253574"]
[BlackFideId "34617248"]
[EventCountry "GER"]
[EventRounds "9"]
[EventType "swiss"]
[EventDate "2023.05.27"]

1. e4 {[%clk 01:30:59]} {[%emt 06:13:52]} e5 {[%clk 01:30:50]} {[%emt
00:00:10]} 2. Nf3 {[%clk 01:31:26]} {[%emt 00:00:04]} Nc6 {[%clk 01:31:14]}
{[%emt 00:00:05]} 3. Nc3 {[%clk 01:31:51]} {[%emt 00:00:05]} Nf6 {[%clk
01:31:38]} {[%emt 00:00:06]} 4. d4 {[%clk 01:32:18]} {[%emt 00:00:03]} exd4
{[%clk 01:31:58]} {[%emt 00:00:10]} 5. Nxd4 {[%clk 01:32:43]} {[%emt 00:00:05]}
Nxe4 {[%clk 01:32:20]} {[%emt 00:00:08]} 6. Nxe4 {[%clk 01:27:32]} {[%emt
00:05:41]} Qe7 {[%clk 01:32:40]} {[%emt 00:00:10]} 7. f3 {[%clk 01:22:09]}
{[%emt 00:05:53]} d5 {[%clk 01:32:43]} {[%emt 00:00:27]} 8. Bb5 {[%clk
01:21:57]} {[%emt 00:00:42]} Bd7 {[%clk 01:32:35]} {[%emt 00:00:38]} 9. O-O
{[%clk 01:20:59]} {[%emt 00:01:28]} dxe4 {[%clk 01:32:29]} {[%emt 00:00:35]}
10. Re1 {[%clk 01:19:49]} {[%emt 00:01:41]} O-O-O {[%clk 01:31:55]} {[%emt
00:01:05]} 11. Bxc6 {[%clk 01:14:40]} {[%emt 00:05:39]} bxc6 {[%clk 01:30:05]}
{[%emt 00:02:19]} 12. Rxe4 {[%clk 01:08:45]} {[%emt 00:06:25]} Qf6 {[%clk
01:26:11]} {[%emt 00:04:23]} 13. Qe2 {[%clk 01:01:56]} {[%emt 00:07:20]} Bc5
{[%clk 00:51:36]} {[%emt 00:35:05]} 14. Be3 {[%clk 00:53:28]} {[%emt 00:08:57]}
Rhe8 {[%clk 00:46:17]} {[%emt 00:05:49]} 15. c3 {[%clk 00:46:34]} {[%emt
00:07:25]} Rxe4 {[%clk 00:43:12]} {[%emt 00:03:35]} 16. fxe4 {[%clk 00:46:49]}
{[%emt 00:00:15]} Re8 {[%clk 00:40:08]} {[%emt 00:03:34]} 17. Bf2 {[%clk
00:44:45]} {[%emt 00:02:34]} Qg6 {[%clk 00:38:30]} {[%emt 00:02:08]} 18. Re1
{[%clk 00:40:33]} {[%emt 00:04:42]} Bb6 {[%clk 00:30:54]} {[%emt 00:08:06]} 19.
a4 {[%clk 00:29:33]} {[%emt 00:11:30]} c5 {[%clk 00:28:39]} {[%emt 00:02:45]}
20. Nb5 {[%clk 00:28:19]} {[%emt 00:01:44]} Bc6 {[%clk 00:26:52]} {[%emt
00:02:17]} 21. a5 {[%clk 00:21:14]} {[%emt 00:07:35]} Rxe4 {[%clk 00:22:06]}
{[%emt 00:05:16]} 22. Qd2 {[%clk 00:21:33]} {[%emt 00:00:11]} Qxg2+ {[%clk
00:18:36]} {[%emt 00:03:59]} 23. Kxg2 {[%clk 00:21:59]} {[%emt 00:00:05]} Re2+
{[%clk 00:19:00]} {[%emt 00:00:06]} 24. Kg3 {[%clk 00:22:11]} {[%emt 00:00:18]}
Rxd2 {[%clk 00:19:20]} {[%emt 00:00:09]} 25. axb6 {[%clk 00:21:53]} {[%emt
00:00:48]} Bxb5 {[%clk 00:19:03]} {[%emt 00:00:48]} 26. bxa7 {[%clk 00:21:26]}
{[%emt 00:00:58]} Kb7 {[%clk 00:18:44]} {[%emt 00:00:48]} 27. Ra1 {[%clk
00:20:47]} {[%emt 00:01:09]} Ka8 {[%clk 00:18:33]} {[%emt 00:00:41]} 28. Bxc5
{[%clk 00:20:43]} {[%emt 00:00:34]} Rxb2 {[%clk 00:18:12]} {[%emt 00:00:50]}
29. Rd1 {[%clk 00:19:56]} {[%emt 00:01:17]} Ra2 {[%clk 00:16:56]} {[%emt
00:01:46]} 30. Rd8+ {[%clk 00:20:10]} {[%emt 00:00:16]} Kb7 {[%clk 00:16:25]}
{[%emt 00:01:01]} 31. Rb8+ {[%clk 00:20:26]} {[%emt 00:00:14]} Kc6 {[%clk
00:16:06]} {[%emt 00:00:50]} 32. Bd4 {[%clk 00:20:12]} {[%emt 00:00:44]} 1-0

[Event "ODJM B 2023"]
[Site "Willingen GER"]
[Date "2023.06.01"]
[Round "7"]
[White "Bakó, Evelin"]
[Black "Retzlaff, Kian"]
[Result "1-0"]
[Termination "normal"]
[Board "32"]
[WhiteElo "1162"]
[BlackElo "1663"]
[WhiteClock "01:15:33"]
[BlackClock "00:27:26"]
[PlyCount "39"]
[WhiteFideId "16271823"]
[BlackFideId "34606700"]
[EventCountry "GER"]
[EventRounds "9"]
[EventType "swiss"]
[EventDate "2023.05.27"]

1. e4 {[%clk 01:30:59]} c5 {[%clk 01:30:55]} {[%emt 00:00:06]} 2. Nf3 {[%clk
01:31:22]} {[%emt 00:00:06]} Nc6 {[%clk 01:31:18]} {[%emt 00:00:07]} 3. d4
{[%clk 01:31:25]} {[%emt 00:00:28]} cxd4 {[%clk 01:31:34]} {[%emt 00:00:13]} 4.
Nxd4 {[%clk 01:31:29]} {[%emt 00:00:27]} Nf6 {[%clk 01:31:54]} {[%emt
00:00:09]} 5. Nc3 {[%clk 01:31:49]} {[%emt 00:00:10]} e5 {[%clk 01:32:10]}
{[%emt 00:00:13]} 6. Ndb5 {[%clk 01:31:47]} {[%emt 00:00:33]} d6 {[%clk
01:32:30]} {[%emt 00:00:10]} 7. Bg5 {[%clk 01:31:13]} {[%emt 00:01:04]} a6
{[%clk 01:32:31]} {[%emt 00:00:28]} 8. Na3 {[%clk 01:31:18]} {[%emt 00:00:26]}
b5 {[%clk 01:31:58]} {[%emt 00:01:03]} 9. Nd5 {[%clk 01:31:33]} {[%emt
00:00:15]} Be7 {[%clk 01:31:55]} {[%emt 00:00:33]} 10. Bxf6 {[%clk 01:31:11]}
{[%emt 00:00:51]} Bxf6 {[%clk 01:31:48]} {[%emt 00:00:38]} 11. c3 {[%clk
01:30:54]} {[%emt 00:00:47]} Bg5 {[%clk 01:30:40]} {[%emt 00:01:38]} 12. h4
{[%clk 01:30:50]} {[%emt 00:00:34]} Bh6 {[%clk 01:28:07]} {[%emt 00:03:02]} 13.
Nc2 {[%clk 01:28:11]} {[%emt 00:03:10]} O-O {[%clk 01:18:55]} {[%emt 00:09:38]}
14. g3 {[%clk 01:26:19]} {[%emt 00:02:25]} Rb8 {[%clk 00:59:35]} {[%emt
00:19:51]} 15. Bh3 {[%clk 01:20:57]} {[%emt 00:05:51]} Ne7 {[%clk 00:48:33]}
{[%emt 00:11:33]} 16. Ncb4 {[%clk 01:18:45]} {[%emt 00:02:41]} Bxh3 {[%clk
00:43:06]} {[%emt 00:05:57]} 17. Rxh3 {[%clk 01:18:31]} {[%emt 00:00:44]} Nxd5
{[%clk 00:42:21]} {[%emt 00:01:15]} 18. Nxd5 {[%clk 01:16:54]} {[%emt
00:02:08]} a5 {[%clk 00:38:51]} {[%emt 00:04:00]} 19. a3 {[%clk 01:15:58]}
{[%emt 00:01:26]} Qc8 {[%clk 00:27:26]} {[%emt 00:11:54]} 20. Ne7+ {[%clk
01:15:33]} {[%emt 00:00:56]} 1-0

[Event "ODJM B 2023"]
[Site "Willingen GER"]
[Date "2023.06.01"]
[Round "7"]
[White "Köpnick, Amanda"]
[Black "Uhlmann, Jonas"]
[Result "0-1"]
[Termination "normal"]
[Board "33"]
[WhiteElo "1271"]
[BlackElo "1558"]
[WhiteClock "00:22:53"]
[BlackClock "00:32:06"]
[PlyCount "66"]
[WhiteFideId "34618538"]
[BlackFideId "16258576"]
[EventCountry "GER"]
[EventRounds "9"]
[EventType "swiss"]
[EventDate "2023.05.27"]

1. e4 {[%clk 01:30:57]} {[%emt 00:00:02]} e5 {[%clk 01:30:53]} {[%emt
00:00:07]} 2. Nf3 {[%clk 01:31:16]} {[%emt 00:00:10]} Nc6 {[%clk 01:31:08]}
{[%emt 00:00:15]} 3. Bc4 {[%clk 01:31:39]} {[%emt 00:00:07]} Bc5 {[%clk
01:31:29]} {[%emt 00:00:09]} 4. c3 {[%clk 01:32:03]} {[%emt 00:00:06]} Nf6
{[%emt 00:00:33]} 5. d3 {[%emt 00:00:19]} d6 {[%clk 01:30:59]} {[%emt
00:00:08]} 6. O-O {[%clk 01:32:05]} {[%emt 00:00:28]} h6 {[%clk 01:31:08]}
{[%emt 00:00:21]} 7. Nbd2 {[%clk 01:29:44]} {[%emt 00:02:51]} g5 {[%clk
01:29:09]} {[%emt 00:02:29]} 8. Nb3 {[%clk 01:26:31]} {[%emt 00:03:43]} Bb6
{[%clk 01:23:53]} {[%emt 00:05:46]} 9. Re1 {[%clk 01:22:17]} {[%emt 00:04:44]}
g4 {[%clk 01:21:11]} {[%emt 00:03:12]} 10. Nfd2 {[%clk 01:20:18]} {[%emt
00:02:28]} h5 {[%clk 01:20:15]} {[%emt 00:01:26]} 11. d4 {[%clk 01:16:25]}
{[%emt 00:04:24]} h4 {[%clk 01:16:34]} {[%emt 00:04:12]} 12. Nf1 {[%clk
01:15:15]} {[%emt 00:01:40]} g3 {[%clk 01:11:05]} {[%emt 00:05:58]} 13. fxg3
{[%clk 01:12:03]} {[%emt 00:03:42]} hxg3 {[%clk 01:11:07]} {[%emt 00:00:27]}
14. Nxg3 {[%clk 01:10:41]} {[%emt 00:01:53]} Bg4 {[%clk 01:05:58]} {[%emt
00:05:39]} 15. Be2 {[%clk 01:08:40]} {[%emt 00:02:31]} Rg8 {[%clk 01:01:46]}
{[%emt 00:04:42]} 16. Bxg4 {[%clk 01:05:54]} {[%emt 00:03:16]} Nxg4 {[%clk
01:02:06]} {[%emt 00:00:10]} 17. Nf5 {[%clk 01:02:32]} {[%emt 00:03:51]} Qf6
{[%clk 01:00:42]} {[%emt 00:01:53]} 18. h3 {[%clk 00:56:13]} {[%emt 00:06:51]}
exd4 {[%clk 00:59:57]} {[%emt 00:01:15]} 19. cxd4 {[%clk 00:54:32]} {[%emt
00:02:11]} Nge5 {[%clk 01:00:19]} {[%emt 00:00:07]} 20. Qe2 {[%clk 00:45:19]}
{[%emt 00:09:43]} O-O-O {[%clk 00:56:51]} {[%emt 00:03:58]} 21. Be3 {[%clk
00:40:43]} {[%emt 00:05:07]} Ng6 {[%clk 00:51:49]} {[%emt 00:05:32]} 22. d5
{[%clk 00:38:27]} {[%emt 00:02:46]} Nce5 {[%clk 00:46:59]} {[%emt 00:05:19]}
23. Kh2 {[%clk 00:34:38]} {[%emt 00:04:19]} Nh4 {[%clk 00:42:27]} {[%emt
00:05:02]} 24. Nxh4 {[%clk 00:34:00]} {[%emt 00:01:09]} Qxh4 {[%clk 00:42:45]}
{[%emt 00:00:11]} 25. Nd4 {[%clk 00:29:54]} {[%emt 00:04:36]} Ng4+ {[%clk
00:34:07]} {[%emt 00:09:09]} 26. Kh1 {[%clk 00:27:00]} {[%emt 00:03:23]} Nxe3
{[%clk 00:33:12]} {[%emt 00:01:25]} 27. Qxe3 {[%clk 00:26:48]} {[%emt
00:00:43]} Rg3 {[%clk 00:33:22]} {[%emt 00:00:19]} 28. Nf5 {[%clk 00:25:00]}
{[%emt 00:02:18]} Rxe3 {[%clk 00:31:11]} {[%emt 00:02:41]} 29. Nxh4 {[%clk
00:25:03]} {[%emt 00:00:27]} Rxe1+ {[%clk 00:31:31]} {[%emt 00:00:10]} 30. Rxe1
{[%clk 00:24:53]} {[%emt 00:00:40]} Bf2 {[%clk 00:31:37]} {[%emt 00:00:24]} 31.
Nf3 {[%clk 00:24:45]} {[%emt 00:00:37]} Bxe1 {[%clk 00:31:58]} {[%emt
00:00:10]} 32. Nxe1 {[%clk 00:25:11]} {[%emt 00:00:04]} Re8 {[%clk 00:32:23]}
{[%emt 00:00:05]} 33. Nf3 {[%clk 00:22:53]} {[%emt 00:02:48]} Rxe4 {[%clk
00:32:06]} {[%emt 00:00:47]} 0-1